Meilleurs Buteurs de la Ligue des champions par Équipe #1 - Statistiques

Statistiques générales
  • Ce quiz a été pris 102 fois
  • Le résultat moyen est 17 sur 30
Statistiques - réponses
Goals Player % Correct
42 Kylian Mbappé
97%
43 Mohamed Salah
92%
30 Wayne Rooney
90%
9 Zlatan Ibrahimović
89%
20 Zlatan Ibrahimović
89%
221 Cristiano Ronaldo
87%
24 Sadio Mané
87%
30 Édinson Cavani
86%
35 Thierry Henry
86%
22 Neymar
82%
24 Marco Reus
80%
22 Roberto Firmino
78%
17 Robert Lewandowski
68%
29 Filippo Inzaghi
59%
21 Steven Gerrard
59%
14 Ángel Di María
58%
28 Ryan Giggs
58%
25 Kakà
56%
15 Pierre-Emerick Aubameyang
56%
18 Robin van Persie
54%
35 Ruud van Nistelrooy
48%
29 Andrij Shevchenko
42%
15 Erling Haaland
42%
24 Paul Scholes
36%
13 Serhou Guirassy
31%
15 Theo Walcott
9%
13 Francesc Fabregas
7%
13 Fredrik Ljungberg
3%
10 Luis Garcia
1%
11 Marco Simone
1%
Aucun quiz correspondant
Distribution des résultats
% des personnes avec chaque résultat
Percentile par nombre de réponses
Votre historique - résultats
Vous n’avez pas pris ce quiz